Geografía botánica de Chile

Gorde:
Xehetasun bibliografikoak
Egile nagusia: Reiche, Carlos
Beste egile batzuk: Moreira-Muñoz, Andrés Sergio (autor), Muñoz Schick, Mélica (autora)
Formatua: Liburua
Hizkuntza:gaztelania
Argitaratua: Santiago Camara Chilena de la Construcción 2013
Santiago Pontificia Universidad Católica de Chile 2013
Edizioa:1a. ed
Saila:Biblioteca Fundamentos de la Construcción de Chile, 64
Gaiak:
Etiketak: Etiketa erantsi
Etiketarik gabe, Izan zaitez lehena erregistro honi etiketa jartzen!

MARC

LEADER 00000cam a2200000 a 4500
001 UCE3592
003 CL-VaPUC
005 20250226123242.0
008 140911e20130000cl |||||||||||||||||spa|d
999 |c 356804  |d 356802 
020 |a 9789568306083o.c 
020 |a 9789569351075t.64 
040 |c Pontificia Universidad Católica de Valparaíso 
041 0 |a spa 
082 0 4 |a 581.983 REI 2013  |2 21 
100 0 |a Reiche, Carlos  |9 510442 
245 1 0 |a Geografía botánica de Chile 
250 |a 1a. ed 
260 |a Santiago  |b Camara Chilena de la Construcción  |c 2013 
260 |a Santiago  |b Pontificia Universidad Católica de Chile  |c 2013 
300 |a 556 p 
490 0 |a Biblioteca Fundamentos de la Construcción de Chile, 64 
583 |a last modification  |c 20140911 14:25:00  |k Rodrigo Vera 
650 7 |a BOTANICA CHILENA  |2 CL-VaPUC  |9 484709 
650 0 |a Flora nativa  |9 470614 
650 0 |a Plantas  |9 264555 
650 7 |a PLANTAS - BOTANICA  |2 CL-VaPUC  |9 346074 
650 0 |a Organismos vivos  |9 264556 
650 0 |a Ecología vegetal   |9 264247 
650 7 |a RAICES  |2 CL-VaPUC  |9 372488 
651 7 |a CHILE  |2 CL-VaPUC  |9 576052 
700 |a Moreira-Muñoz, Andrés Sergio  |e autor  |9 587390 
700 |a Muñoz Schick, Mélica  |e autora  |9 484707 
942 |c BK  |2 ddc 
945 |d 20140911 14:25:00  |a arojas 
952 |0 0  |1 0  |2 ddc  |3 erb  |4 0  |6 581_983000000000000_REI_2013  |7 0  |8 A  |9 464537  |a BIBCUR  |b BIBCUR  |i 5113024  |o 581.983 REI 2013  |p 5113024  |r 2025-04-22  |w 2019-11-23  |y BK  |z Catalogado en:20140911  |k BCB 
952 |0 0  |1 0  |2 ddc  |3 erb  |4 0  |6 581_983000000000000_REI_2013  |7 0  |8 A  |9 464538  |a BIBAGR  |b BIBAGR  |i 5593360  |l 1  |o 581.983 REI 2013  |p 5593360  |r 2025-01-20  |s 2022-03-14  |w 2019-11-23  |y BK  |z Catalogado en:20190712  |k AGR 
952 |0 0  |1 0  |2 ddc  |4 0  |6 581_983000000000000_REI_2013  |7 0  |9 551468  |a BIBAGR  |b BIBAGR  |d 2020-02-25  |i 5613566  |o 581.983 REI 2013  |p 5613566  |r 2025-01-20  |t 1  |w 2020-02-25  |y BK  |k AGR